| 000 | 005490000a22001810004500 | ||
|---|---|---|---|
| 003 | MACL | ||
| 005 | 20160227123845.0 | ||
| 008 | 160227b xxu||||| |||| 00| 0 eng d | ||
| 040 |
_aMACL _cMACL |
||
| 041 | _aHindi | ||
| 082 | _a598 | ||
| 100 |
_aसिंह राजेश्वरप्रसाद नारायण _940863 |
||
| 245 | _aपक्षी प्रसंग | ||
| 260 |
_bप्रभात प्रकाशन _c1980 _aनई दिल्ली |
||
| 350 | _a15 | ||
| 650 |
_aBirds _96128 |
||
| 942 |
_cHIN _k598 _2ddc |
||
| 999 |
_c27116 _d27116 |
||